[Event "London Classic Women's Invitational"]
[Site "London ENG"]
[Date "2011.12.03"]
[Round "1"]
[White "Lauterbach, Ingrid"]
[Black "Lalic, Susan K"]
[Result "1/2-1/2"]
[WhiteTitle "WIM"]
[BlackTitle "IM"]
[WhiteElo "2075"]
[BlackElo "2279"]
[WhiteFideId "405221"]
[BlackFideId "401510"]
[EventDate "2011.12.03"]

1. e4 c6 2. d3 d5 3. Nd2 g6 4. Ngf3 Bg7 5. g3 e5 6. Bg2 Ne7 7. O-O O-O 8. c3 Nd7
9. d4 exd4 10. Nxd4 Nc5 11. exd5 Nxd5 12. N2b3 Nxb3 13. axb3 Re8 14. b4 Nxb4 15.
Qb3 Nd5 16. Rd1 Bg4 17. f3 Bc8 18. c4 Qb6 19. Qxb6 Nxb6 20. Bf1 a6 21. Kf2 Nd7
22. b4 c5 23. bxc5 Nxc5 24. Rb1 Ne6 25. Nxe6 fxe6 26. c5 Be5 27. Bg5 Kf7 28. Bd8
Bf6 29. Bc7 Re7 30. Bd8 Re8 31. Bc7 Re7 32. Bd8 Re8 33. Bc7 1/2-1/2

[Event "London Classic Women's Invitational"]
[Site "London ENG"]
[Date "2011.12.03"]
[Round "1"]
[White "Daulyte, Deimante"]
[Black "Grigoryan, Meri"]
[Result "0-1"]
[WhiteTitle "WGM"]
[BlackTitle "WFM"]
[WhiteElo "2238"]
[BlackElo "2026"]
[WhiteFideId "12802859"]
[BlackFideId "13300571"]
[EventDate "2011.12.03"]

1. e4 c6 2. d4 d5 3. exd5 cxd5 4. c4 Nf6 5. Nc3 g6 6. Nf3 Bg7 7. Be2 O-O 8. O-O
Nc6 9. c5 Ne4 10. Be3 Nxc5 11. dxc5 d4 12. Nxd4 Nxd4 13. Bc4 Bf5 14. Bd5 Nc6 15.
Rc1 Qc8 16. a3 Be6 17. b4 Rd8 18. Bxe6 Qxe6 19. Qa4 Rd3 20. Nb1 Ne5 21. b5 Ng4
22. c6 bxc6 23. Rxc6 Qd7 24. Qe4 Rd1 25. Nd2 Nxe3 26. fxe3 Rxd2 27. Ra6 Rc8 28.
Qf3 Bf6 29. Rc6 Rd8 30. a4 Qd3 31. Rc7 Rd1 32. Rxd1 Qxd1+ 33. Qxd1 Rxd1+ 34. Kf2
Rd2+ 35. Kf3 Rb2 36. Rxa7 e6 37. Ra6 Rb3 38. Kf4 Rb4+ 39. Kf3 Kg7 40. b6 Rb3 41.
a5 Bd4 42. Ra8 Rxe3+ 43. Kf4 h5 44. Rd8 e5+ 45. Kg5 Re4 0-1

[Event "London Classic Women's Invitational"]
[Site "London ENG"]
[Date "2011.12.03"]
[Round "1"]
[White "Ciuksyte, Dagne"]
[Black "Nakhbayeva, Guliskhan"]
[Result "1-0"]
[WhiteTitle "IM"]
[BlackTitle "WIM"]
[WhiteElo "2327"]
[BlackElo "2227"]
[WhiteFideId "12800619"]
[BlackFideId "13704788"]
[EventDate "2011.12.03"]

1. e4 e6 2. d4 d5 3. e5 c5 4. c3 Qb6 5. Nf3 Bd7 6. Bd3 cxd4 7. Nxd4 Nc6 8. Nxc6
bxc6 9. O-O f5 10. Qh5+ g6 11. Qe2 Nh6 12. Be3 Qc7 13. c4 Nf7 14. cxd5 cxd5 15.
Nc3 Be7 16. Rac1 Qa5 17. Bb5 a6 18. Bxd7+ Kxd7 19. Nxd5 exd5 20. e6+ Ke8 21. Bd4
Rf8 22. exf7+ Rxf7 23. Qe5 Rd8 24. Rfe1 Qb5 25. Rc7 Rd7 26. Qh8+ Rf8 27. Rc8+
Rd8 28. Rxe7+ Kxe7 29. Qe5+ 1-0

[Event "London Classic Women's Invitational"]
[Site "London ENG"]
[Date "2011.12.03"]
[Round "1"]
[White "Mirzoeva, Elmira"]
[Black "Vovk, Oksana"]
[Result "0-1"]
[WhiteTitle "WGM"]
[BlackTitle "WIM"]
[WhiteElo "2244"]
[BlackElo "2213"]
[WhiteFideId "4127951"]
[BlackFideId "1404695"]
[EventDate "2011.12.03"]

1. d4 e6 2. c4 Nf6 3. Nf3 Bb4+ 4. Nbd2 O-O 5. a3 Bxd2+ 6. Qxd2 b6 7. e3 Bb7 8.
Be2 d6 9. O-O c5 10. b4 Qe7 11. Bb2 Nbd7 12. Rfd1 d5 13. dxc5 bxc5 14. cxd5 exd5
15. bxc5 Nxc5 16. Qb4 Nfe4 17. Bd4 Rfc8 18. Rab1 a5 19. Qb2 f6 20. Rdc1 Rab8 21.
h3 a4 22. Bxc5 Nxc5 23. Nd4 Qe5 24. Bg4 Ba6 25. Qd2 Nb3 26. Rxc8+ Bxc8 27. Qd3
Bxg4 28. hxg4 Nxd4 29. Rxb8+ Qxb8 30. Qxd4 Qb3 31. Qc5 Kf7 32. Qc7+ Kg6 33. Qd6
Qc4 34. Kh2 Qxg4 35. Qc6 Qe4 36. f3 Qe5+ 37. Kh3 Qxe3 38. Qxd5 Qh6+ 39. Kg4 Qg5+
40. Qxg5+ fxg5 41. g3 h5+ 42. Kh3 Kf5 43. Kg2 Ke5 44. Kf2 Kd4 45. Ke2 h4 0-1

[Event "London Classic Women's Invitational"]
[Site "London ENG"]
[Date "2011.12.04"]
[Round "2"]
[White "Vovk, Oksana"]
[Black "Lalic, Susan K"]
[Result "1/2-1/2"]
[WhiteTitle "WIM"]
[BlackTitle "IM"]
[WhiteElo "2213"]
[BlackElo "2279"]
[WhiteFideId "1404695"]
[BlackFideId "401510"]
[EventDate "2011.12.03"]

1. d4 Nf6 2. c4 e6 3. Nf3 Bb4+ 4. Bd2 Qe7 5. g3 Nc6 6. Nc3 Bxc3 7. Bxc3 Ne4 8.
Rc1 d6 9. d5 Nxc3 10. Rxc3 Nd8 11. Bg2 O-O 12. Nd2 c5 13. dxe6 fxe6 14. Ne4 Nf7
15. O-O Rb8 16. b3 b5 17. cxb5 Rxb5 18. Qc1 Bb7 19. Rd1 Rb4 20. Qe3 a5 21. Rcd3
Ne5 22. Rxd6 Bxe4 23. Bxe4 Ng4 24. Qd3 Nxf2 25. Bxh7+ Kh8 26. Qg6 Nxd1 27. Qh5
g6 28. Bxg6+ Kg8 29. Rxd1 Qg7 1/2-1/2

[Event "London Classic Women's Invitational"]
[Site "London ENG"]
[Date "2011.12.04"]
[Round "2"]
[White "Srebrnic, Ana"]
[Black "Lauterbach, Ingrid"]
[Result "1-0"]
[WhiteTitle "WGM"]
[BlackTitle "WIM"]
[WhiteElo "2219"]
[BlackElo "2075"]
[WhiteFideId "14603314"]
[BlackFideId "405221"]
[EventDate "2011.12.03"]

1. d4 d5 2. c4 e6 3. cxd5 exd5 4. Nc3 c6 5. Qc2 Be7 6. Bf4 Na6 7. e3 Nb4 8. Qd1
Bf5 9. Rc1 Qa5 10. Qd2 Nxa2 11. Ra1 Nxc3 12. Rxa5 Ne4 13. Qd1 Bb4+ 14. Ke2 Bxa5
15. f3 Nef6 16. Kf2 Nd7 17. g4 Bg6 18. Ne2 h5 19. gxh5 Rxh5 20. Ng3 Rh8 21. h4
Ngf6 22. Bd3 Bxd3 23. Qxd3 g6 24. h5 gxh5 25. Nf5 Bd8 26. Qa3 Rh7 27. Nd6+ Kf8
28. Nxb7+ Be7 29. Bd6 Bxd6 30. Qxd6+ Kg8 31. Nc5 Nxc5 32. dxc5 Rh6 33. Rg1+ Kh8
34. Qf4 Kh7 35. Qc7 Rg8 36. Qxf7+ Kh8 37. Rxg8+ Nxg8 38. Qxa7 h4 39. Kg2 Rg6+
40. Kh2 Rf6 41. b4 Rxf3 42. b5 Nh6 43. bxc6 Ng4+ 44. Kg1 Rg3+ 45. Kf1 Nxe3+ 46.
Ke2 Nf5 47. c7 Ne7 48. Qb8+ Rg8 49. Qd8 Nc8 50. Qxh4+ Kg7 51. Qg5+ Kf7 52. Qxd5+
Kg7 53. Qd7+ Kf6 54. Kd3 Ne7 55. Kc4 1-0

[Event "London Classic Women's Invitational"]
[Site "London ENG"]
[Date "2011.12.04"]
[Round "2"]
[White "Grigoryan, Meri"]
[Black "Steil-Antoni, Fiona"]
[Result "0-1"]
[WhiteTitle "WFM"]
[BlackTitle "WIM"]
[WhiteElo "2026"]
[BlackElo "2104"]
[WhiteFideId "13300571"]
[BlackFideId "4001249"]
[EventDate "2011.12.03"]

1. d4 d5 2. Nf3 Nf6 3. Bf4 e6 4. e3 c5 5. c3 Nc6 6. Nbd2 Be7 7. Bd3 Nh5 8. Be5
f6 9. Bg3 Nxg3 10. hxg3 f5 11. Ne5 Nxe5 12. dxe5 g6 13. g4 Qc7 14. gxf5 exf5 15.
g4 Qxe5 16. Nf3 Qd6 17. gxf5 gxf5 18. Bb5+ Kf8 19. Bd3 f4 20. Nd2 h6 21. Qf3 Bg5
22. O-O-O Be6 23. Rdg1 Ke7 24. exf4 Qxf4 25. Qxf4 Bxf4 26. Rg7+ Kf6 27. Rxb7
Rag8 28. Kc2 Rg2 29. Rf1 h5 30. c4 Bxd2 31. Kxd2 h4 32. cxd5 Bxd5 33. Rd7 Ba8
34. Rh7 Rxh7 35. Bxh7 Rg7 36. Bd3 Bg2 37. Re1 h3 38. Be4 h2 39. Bxg2 Rxg2 40.
Rh1 Rxf2+ 41. Kc3 Kg5 0-1

[Event "London Classic Women's Invitational"]
[Site "London ENG"]
[Date "2011.12.04"]
[Round "2"]
[White "Nakhbayeva, Guliskhan"]
[Black "Daulyte, Deimante"]
[Result "1-0"]
[WhiteTitle "WIM"]
[BlackTitle "WGM"]
[WhiteElo "2227"]
[BlackElo "2238"]
[WhiteFideId "13704788"]
[BlackFideId "12802859"]
[EventDate "2011.12.03"]

1. d4 Nf6 2. c4 g6 3. Nc3 d5 4. Nf3 Bg7 5. Bf4 c5 6. dxc5 Qa5 7. Rc1 dxc4 8. e3
O-O 9. Bxc4 Qxc5 10. Bb3 Nc6 11. O-O Qa5 12. h3 Bf5 13. Qe2 Rad8 14. e4 Bc8 15.
e5 Nh5 16. Bh2 Bh6 17. Rcd1 Nf4 18. Rxd8 Qxd8 19. Bxf4 Bxf4 20. Rd1 Qa5 21. Nd5
Bh6 22. Nh2 Qc5 23. Nf3 Be6 24. Qe4 Rd8 25. g3 Kf8 26. Kg2 Na5 27. Nf4 Rxd1 28.
Nxe6+ fxe6 29. Bxd1 Qd5 30. Qh4 Bg7 31. Bc2 Qc4 32. Be4 b6 33. b3 Qb4 34. Qf4+
Kg8 35. Ng5 Qb5 36. Qf7+ Kh8 37. Nxe6 Bh6 38. Ng5 Bg7 39. Bd5 1-0

[Event "London Classic Women's Invitational"]
[Site "London ENG"]
[Date "2011.12.04"]
[Round "2"]
[White "Mirzoeva, Elmira"]
[Black "Ciuksyte, Dagne"]
[Result "1-0"]
[WhiteTitle "WGM"]
[BlackTitle "IM"]
[WhiteElo "2244"]
[BlackElo "2327"]
[WhiteFideId "4127951"]
[BlackFideId "12800619"]
[EventDate "2011.12.03"]

1. d4 c5 2. d5 d6 3. Nf3 g6 4. c4 Bg7 5. Nc3 Nf6 6. e4 O-O 7. Be2 a6 8. a4 e6 9.
O-O exd5 10. exd5 Bg4 11. h3 Bxf3 12. Bxf3 Nbd7 13. Qc2 Re8 14. Bd2 h6 15. Rfe1
Ne5 16. Be2 Nh7 17. f4 Nd7 18. g3 f5 19. Bf3 Qf6 20. Re6 Qd4+ 21. Kg2 Nhf8 22.
Rxd6 Qxc4 23. Rd1 Nf6 24. b3 Qd4 25. Na2 Ne4 26. Bc3 Qxd1 27. Bxd1 Nxd6 28. Bxg7
Kxg7 29. Qxc5 Rad8 30. Nb4 Ne4 31. Qb6 Re7 32. Qxd8 1-0

[Event "London Classic Women's Invitational"]
[Site "London ENG"]
[Date "2011.12.05"]
[Round "3"]
[White "Daulyte, Deimante"]
[Black "Mirzoeva, Elmira"]
[Result "1/2-1/2"]
[WhiteTitle "WGM"]
[BlackTitle "WGM"]
[WhiteElo "2238"]
[BlackElo "2244"]
[WhiteFideId "12802859"]
[BlackFideId "4127951"]
[EventDate "2011.12.03"]

1. e4 c6 2. d4 d5 3. Nd2 dxe4 4. Nxe4 Bf5 5. Nc5 Nd7 6. Bd3 Bxd3 7. Nxd3 Ngf6 8.
Nf3 e6 9. Bf4 Be7 10. h3 c5 11. O-O O-O 12. c3 Rc8 13. Qe2 c4 14. Nde5 Nxe5 15.
Nxe5 Qd5 16. a4 Bd6 17. Rfe1 1/2-1/2

[Event "London Classic Women's Invitational"]
[Site "London ENG"]
[Date "2011.12.05"]
[Round "3"]
[White "Steil-Antoni, Fiona"]
[Black "Nakhbayeva, Guliskhan"]
[Result "1/2-1/2"]
[WhiteTitle "WIM"]
[BlackTitle "WIM"]
[WhiteElo "2104"]
[BlackElo "2227"]
[WhiteFideId "4001249"]
[BlackFideId "13704788"]
[EventDate "2011.12.03"]

1. e4 c6 2. d4 d5 3. Nc3 dxe4 4. Nxe4 Bf5 5. Ng3 Bg6 6. Nf3 Nd7 7. h4 h6 8. h5
Bh7 9. Bd3 Bxd3 10. Qxd3 e6 11. Bf4 Qa5+ 12. Bd2 Qc7 13. O-O-O Ngf6 14. Qe2
O-O-O 15. Ne5 Nb6 16. c3 c5 17. dxc5 Bxc5 18. Nd3 Bd6 19. Ne4 Nxe4 20. Qxe4 Qc4
21. Qxc4+ Nxc4 22. Bf4 Bxf4+ 23. Nxf4 Kc7 24. b3 Nd6 25. Rd4 Kc6 26. Nd3 f6 27.
Rg4 Rd7 28. Rd1 b6 29. Rd4 a5 30. b4 e5 31. Rg4 Rc8 32. Nb2 e4 33. Kc2 Re8 34.
a4 Re5 35. b5+ Kc7 36. Rd4 Rxh5 37. Nc4 Nxc4 38. Rxc4+ Kb7 39. Rgxe4 Rhd5 40.
Re2 h5 41. Rc6 Rc7 1/2-1/2

[Event "London Classic Women's Invitational"]
[Site "London ENG"]
[Date "2011.12.06"]
[Round "4"]
[White "Vovk, Oksana"]
[Black "Srebrnic, Ana"]
[Result "1/2-1/2"]
[WhiteTitle "WIM"]
[BlackTitle "WGM"]
[WhiteElo "2213"]
[BlackElo "2219"]
[WhiteFideId "1404695"]
[BlackFideId "14603314"]
[EventDate "2011.12.03"]

1. d4 d6 2. g3 g6 3. Bg2 Bg7 4. c4 e5 5. dxe5 dxe5 6. Qxd8+ Kxd8 7. Nc3 Ke8 8.
b3 Kd8 9. Bb2 Na6 10. Nf3 Nh6 11. O-O c6 12. Ne4 Be6 13. Rad1+ Kc7 14. Ba3 Rad8
15. Nd6 f6 16. Ne4 Bf5 17. Nd6 1/2-1/2

[Event "London Classic Women's Invitational"]
[Site "London ENG"]
[Date "2011.12.06"]
[Round "4"]
[White "Grigoryan, Meri"]
[Black "Lalic, Susan K"]
[Result "1/2-1/2"]
[WhiteTitle "WFM"]
[BlackTitle "IM"]
[WhiteElo "2026"]
[BlackElo "2279"]
[WhiteFideId "13300571"]
[BlackFideId "401510"]
[EventDate "2011.12.03"]

1. Nf3 e6 2. c4 Nf6 3. g3 d5 4. cxd5 exd5 5. Bg2 Bd6 6. O-O O-O 7. d4 c6 8. Nc3
Re8 9. Qb3 Qb6 10. Qd1 Bg4 11. Na4 Qc7 12. Be3 Nbd7 13. Rc1 Ne4 14. Nc3 Nxc3 15.
Rxc3 Nf6 16. Nd2 Qd7 17. Re1 Bh3 18. Bg5 Bxg2 19. Kxg2 Re6 20. Rf3 Ne4 21. Nxe4
dxe4 22. Rb3 Rg6 23. Bc1 a5 24. a4 Bb4 25. Bd2 c5 26. Bxb4 cxb4 27. Re3 Re6 28.
d5 Re5 29. Qd4 Rae8 30. d6 R5e6 31. Rd1 f5 32. Qd5 g6 1/2-1/2

[Event "London Classic Women's Invitational"]
[Site "London ENG"]
[Date "2011.12.06"]
[Round "4"]
[White "Nakhbayeva, Guliskhan"]
[Black "Lauterbach, Ingrid"]
[Result "1-0"]
[WhiteTitle "WIM"]
[BlackTitle "WIM"]
[WhiteElo "2227"]
[BlackElo "2075"]
[WhiteFideId "13704788"]
[BlackFideId "405221"]
[EventDate "2011.12.03"]

1. d4 d6 2. c4 e5 3. d5 f5 4. e4 Nf6 5. exf5 Bxf5 6. Nc3 Be7 7. Nge2 O-O 8. Ng3
Bg6 9. Bd3 Bxd3 10. Qxd3 Ng4 11. O-O Bg5 12. Nce4 Bxc1 13. Raxc1 Qh4 14. h3 Nf6
15. c5 Nxe4 16. Nxe4 Qe7 17. Qb5 Na6 18. c6 bxc6 19. Qxa6 cxd5 20. Nc3 Qf7 21.
Qc6 d4 22. Nb5 Qxa2 23. Nxc7 Rad8 24. Ra1 Qb3 25. Rxa7 d3 26. Rb7 Qa2 27. b3 Qa5
28. Ne6 Rc8 29. Rxg7+ Kh8 30. Qe4 1-0

[Event "London Classic Women's Invitational"]
[Site "London ENG"]
[Date "2011.12.06"]
[Round "4"]
[White "Mirzoeva, Elmira"]
[Black "Steil-Antoni, Fiona"]
[Result "1-0"]
[WhiteTitle "WGM"]
[BlackTitle "WIM"]
[WhiteElo "2244"]
[BlackElo "2104"]
[WhiteFideId "4127951"]
[BlackFideId "4001249"]
[EventDate "2011.12.03"]

1. d4 d5 2. Nf3 Nf6 3. c4 e6 4. Nc3 Be7 5. Bg5 O-O 6. e3 h6 7. Bh4 b6 8. Bd3 Bb7
9. O-O Nbd7 10. Qe2 c5 11. Bg3 Ne4 12. cxd5 exd5 13. Rad1 Qc8 14. Rc1 Ndf6 15.
Ne5 Nxc3 16. Rxc3 Ne4 17. Rcc1 Nxg3 18. hxg3 Qe6 19. Bb1 cxd4 20. Qd3 g6 21.
exd4 a5 22. Qe3 Kg7 23. Rc7 Ba6 24. Rc6 Bd6 25. Re1 Rfc8 26. Rxb6 Rcb8 27. Rc6
Bb5 28. Rcc1 Re8 29. a3 Rac8 30. Rxc8 Qxc8 31. Qd2 Qc7 32. Rc1 Qb6 33. Ng4 g5
34. Qc2 Re4 35. Ne3 Rxd4 36. Qh7+ Kf8 37. Qh8+ 1-0

[Event "London Classic Women's Invitational"]
[Site "London ENG"]
[Date "2011.12.06"]
[Round "4"]
[White "Ciuksyte, Dagne"]
[Black "Daulyte, Deimante"]
[Result "1/2-1/2"]
[WhiteTitle "IM"]
[BlackTitle "WGM"]
[WhiteElo "2327"]
[BlackElo "2238"]
[WhiteFideId "12800619"]
[BlackFideId "12802859"]
[EventDate "2011.12.03"]

1. e4 d5 2. exd5 Nf6 3. d4 Nxd5 4. Bd3 g6 5. h3 Bg7 6. Nf3 O-O 7. O-O Nc6 8. c3
e5 9. dxe5 Nxe5 10. Be4 Nb6 11. Bf4 Nbc4 12. Nxe5 Nxe5 13. Nd2 c6 14. Nf3 1/2-1/2

[Event "London Classic Women's Invitational"]
[Site "London ENG"]
[Date "2011.12.07"]
[Round "5"]
[White "Lauterbach, Ingrid"]
[Black "Mirzoeva, Elmira"]
[Result "0-1"]
[WhiteTitle "WIM"]
[BlackTitle "WGM"]
[WhiteElo "2075"]
[BlackElo "2244"]
[WhiteFideId "405221"]
[BlackFideId "4127951"]
[EventDate "2011.12.03"]

1. e4 c6 2. d3 d5 3. Nd2 e5 4. Ngf3 Bd6 5. d4 exd4 6. exd5 cxd5 7. Nxd4 Nc6 8.
N2f3 Nf6 9. Be2 O-O 10. O-O Ne4 11. c3 Re8 12. Be3 a6 13. Nxc6 bxc6 14. c4 Rb8
15. Rb1 Qa5 16. cxd5 cxd5 17. Nd4 Qxa2 18. Ra1 Qxb2 19. Bxa6 Be5 20. Bxc8 Rexc8
21. Kh1 g6 22. Ra7 Nd2 23. Bxd2 Qxd4 24. Re7 Rc7 25. Rxc7 Bxc7 26. Qc1 Qe5 27.
g3 Qe4+ 28. f3 Qd3 29. Bc3 Bxg3 30. Ba1 Bf4 31. Qe1 d4 32. Kg2 Rc8 33. Qe4 0-1

[Event "London Classic Women's Invitational"]
[Site "London ENG"]
[Date "2011.12.07"]
[Round "5"]
[White "Lalic, Susan K"]
[Black "Nakhbayeva, Guliskhan"]
[Result "0-1"]
[WhiteTitle "IM"]
[BlackTitle "WIM"]
[WhiteElo "2279"]
[BlackElo "2227"]
[WhiteFideId "401510"]
[BlackFideId "13704788"]
[EventDate "2011.12.03"]

1. e4 e6 2. d4 d5 3. e5 c5 4. c3 Qb6 5. Nf3 Bd7 6. a3 a5 7. Bd3 Nc6 8. dxc5 Bxc5
9. O-O Nge7 10. Qe2 Ng6 11. h4 h6 12. h5 Nge7 13. Nh4 a4 14. Bf4 O-O-O 15. Nd2
f6 16. Ndf3 f5 17. Rab1 Na5 18. Nd2 Rhg8 19. g3 g5 20. hxg6 Nxg6 21. Nxg6 Rxg6
22. Kg2 Bc6 23. Nf3 Rdg8 24. Rh1 Rg4 25. Rh4 d4 26. cxd4 Rxh4 27. dxc5 Qb3 28.
Qe3 Rxf4 29. Qxf4 Qxd3 30. Rh1 Nb3 31. Re1 Nd2 32. Re3 Qf1+ 33. Kh2 Qxf2+ 34.
Kh3 Nxf3 0-1

[Event "London Classic Women's Invitational"]
[Site "London ENG"]
[Date "2011.12.07"]
[Round "5"]
[White "Srebrnic, Ana"]
[Black "Grigoryan, Meri"]
[Result "1-0"]
[WhiteTitle "WGM"]
[BlackTitle "WFM"]
[WhiteElo "2219"]
[BlackElo "2026"]
[WhiteFideId "14603314"]
[BlackFideId "13300571"]
[EventDate "2011.12.03"]

1. Nf3 Nf6 2. c4 c6 3. Nc3 d5 4. d4 e6 5. Bg5 Nbd7 6. cxd5 exd5 7. Qc2 Bb4 8. e3
Qa5 9. Bd3 O-O 10. O-O Re8 11. Bf4 Nf8 12. h3 Qd8 13. Ne5 Nh5 14. Bh2 Re6 15. f4
c5 16. g4 f6 17. Nf3 Rxe3 18. Nd1 Re7 19. a3 Ba5 20. dxc5 Bc7 21. gxh5 Bxh3 22.
Re1 Rxe1+ 23. Nxe1 Qe8 24. Qe2 Qxe2 25. Bxe2 Ne6 26. Nd3 Nd4 27. Nc3 Re8 28. Kf2
Bf5 29. Nb4 Nb3 30. Rd1 Nxc5 31. Nbxd5 Bb8 32. h6 Rf8 33. b4 Ne6 34. hxg7 Kxg7
35. Ne3 Bh3 36. Rd7+ Kg6 37. Rxb7 Nxf4 38. Bxf4 Bxf4 39. Ncd5 Bb8 40. Bh5+ 1-0

[Event "London Classic Women's Invitational"]
[Site "London ENG"]
[Date "2011.12.08"]
[Round "6"]
[White "Vovk, Oksana"]
[Black "Grigoryan, Meri"]
[Result "1/2-1/2"]
[WhiteTitle "WIM"]
[BlackTitle "WFM"]
[WhiteElo "2213"]
[BlackElo "2026"]
[WhiteFideId "1404695"]
[BlackFideId "13300571"]
[EventDate "2011.12.03"]

1. d4 d5 2. Nf3 Nc6 3. Bf4 Bg4 4. e3 e6 5. c4 Bb4+ 6. Nc3 Nf6 7. h3 Bxf3 8. Qxf3
Ne4 9. Rc1 Ne7 10. Bd3 Nxc3 11. bxc3 Bd6 12. Bg5 c6 13. cxd5 exd5 14. O-O Qc7
15. c4 dxc4 16. Bxc4 O-O 17. e4 Ng6 18. e5 Be7 19. Bd2 Rad8 20. Bc3 Bg5 21. Rc2
b5 22. Bb3 a5 23. Bb2 Rc8 24. e6 fxe6 25. Bxe6+ Kh8 26. Qg4 Rce8 27. Bd7 Rf4 28.
Rxc6 Qd8 29. Rc8 Rxg4 30. Rxd8 Rxg2+ 31. Kxg2 Rxd8 32. Bxb5 Bf6 33. Rd1 Nh4+ 34.
Kf1 Nf5 35. Bc3 Nxd4 36. Ba4 Ne6 37. Bxa5 Ra8 38. Rd5 Nf4 39. Bc6 Rc8 40. Rb5 g6
41. Rc5 Nxh3 42. a4 Nxf2 43. Rc4 1/2-1/2

[Event "London Classic Women's Invitational"]
[Site "London ENG"]
[Date "2011.12.08"]
[Round "6"]
[White "Nakhbayeva, Guliskhan"]
[Black "Srebrnic, Ana"]
[Result "1-0"]
[WhiteTitle "WIM"]
[BlackTitle "WGM"]
[WhiteElo "2227"]
[BlackElo "2219"]
[WhiteFideId "13704788"]
[BlackFideId "14603314"]
[EventDate "2011.12.03"]

1. d4 Nf6 2. c4 g6 3. Nc3 Bg7 4. e4 d6 5. h3 O-O 6. Bg5 c5 7. d5 e6 8. Nf3 exd5
9. cxd5 Re8 10. Bd3 c4 11. Bc2 b5 12. a3 Nbd7 13. O-O a6 14. Qd2 Qc7 15. Rad1
Bb7 16. Rfe1 Rac8 17. Bh6 Qc5 18. Be3 Qc7 19. Bd4 Ne5 20. Nh2 Nfd7 21. Rf1 Nc5
22. f4 Ned3 23. Bxg7 Kxg7 24. Bxd3 Nxd3 25. f5 Ne5 26. f6+ Kh8 27. Ne2 Qc5+ 28.
Kh1 Rg8 29. Nd4 c3 30. bxc3 Qxc3 31. Qg5 Rc4 32. Ndf3 Rxe4 33. Qh6 Qc4 34. Rc1
Qa4 35. Rc7 g5 36. Nxe5 1-0

[Event "London Classic Women's Invitational"]
[Site "London ENG"]
[Date "2011.12.08"]
[Round "6"]
[White "Mirzoeva, Elmira"]
[Black "Lalic, Susan K"]
[Result "0-1"]
[WhiteTitle "WGM"]
[BlackTitle "IM"]
[WhiteElo "2244"]
[BlackElo "2279"]
[WhiteFideId "4127951"]
[BlackFideId "401510"]
[EventDate "2011.12.03"]

1. d4 e6 2. c4 Nf6 3. Nf3 Bb4+ 4. Nbd2 b6 5. a3 Bxd2+ 6. Qxd2 Bb7 7. e3 O-O 8.
Be2 Ne4 9. Qc2 f5 10. O-O Rf6 11. d5 exd5 12. b4 d6 13. Bb2 Rf7 14. cxd5 Nd7 15.
Nd4 Bxd5 16. Bc4 Bxc4 17. Nc6 Qe8 18. Qxc4 Nd2 19. Qd5 Nxf1 20. Rxf1 Qe4 21. Rd1
Qxd5 22. Rxd5 g6 23. f3 Re8 24. Kf2 a6 25. Bc3 b5 26. h4 Nb6 27. Rd3 Nc4 28. Bd4
Ra8 29. f4 a5 30. Kf3 axb4 31. axb4 Ra2 32. Bc3 Ra3 33. Ke2 Ra6 34. Nd4 c6 35.
h5 Re7 36. hxg6 hxg6 37. Kf3 Kf7 38. Nc2 Ke8 39. Bd4 Ra2 40. Rc3 Nd2+ 41. Ke2
Ne4 42. Rxc6 Kd7 0-1

[Event "London Classic Women's Invitational"]
[Site "London ENG"]
[Date "2011.12.08"]
[Round "6"]
[White "Ciuksyte, Dagne"]
[Black "Lauterbach, Ingrid"]
[Result "1-0"]
[WhiteTitle "IM"]
[BlackTitle "WIM"]
[WhiteElo "2327"]
[BlackElo "2075"]
[WhiteFideId "12800619"]
[BlackFideId "405221"]
[EventDate "2011.12.03"]

1. e4 d6 2. d4 g6 3. Nf3 Bg7 4. Bc4 c6 5. O-O Nf6 6. Nc3 O-O 7. Bg5 b5 8. Bd3 h6
9. Bh4 b4 10. Na4 Ba6 11. Re1 Bxd3 12. Qxd3 Qa5 13. b3 g5 14. Bg3 Nh5 15. e5
Nxg3 16. hxg3 e6 17. exd6 Rd8 18. Nc5 Qb6 19. Ne4 Nd7 20. Rad1 Nf6 21. Nxf6+
Bxf6 22. Ne5 Rac8 23. Nxf7 Kxf7 24. Qh7+ Bg7 25. Rd3 g4 26. Re4 e5 27. Rxg4 e4
28. Qg6+ 1-0

[Event "London Classic Women's Invitational"]
[Site "London ENG"]
[Date "2011.12.08"]
[Round "6"]
[White "Daulyte, Deimante"]
[Black "Steil-Antoni, Fiona"]
[Result "1-0"]
[WhiteTitle "WGM"]
[BlackTitle "WIM"]
[WhiteElo "2238"]
[BlackElo "2104"]
[WhiteFideId "12802859"]
[BlackFideId "4001249"]
[EventDate "2011.12.03"]

1. e4 e5 2. Nf3 Nc6 3. d4 exd4 4. Nxd4 Nf6 5. Nxc6 bxc6 6. e5 Nd5 7. c4 Bb4+ 8.
Bd2 Bxd2+ 9. Nxd2 Ne7 10. Bd3 Ng6 11. O-O O-O 12. Qh5 Re8 13. Nf3 Nf8 14. Rfe1
h6 15. c5 d5 16. Nd4 Bd7 17. f4 Qe7 18. Rac1 Rab8 19. Qe2 Rb4 20. Qf2 Ne6 21.
Nxe6 fxe6 22. a3 Rbb8 23. Bb1 Rf8 24. Qc2 g5 25. fxg5 hxg5 26. Re3 Rf7 27. Rh3
Rg7 28. Qe2 g4 29. Rg3 Qg5 30. Rf1 Rf8 31. Rxf8+ Kxf8 32. Qe3 Qxe3+ 33. Rxe3 Rg5
34. Kf2 Kg7 35. Kg3 Be8 36. Kf4 Rh5 37. Rg3 Rxh2 38. Rxg4+ Kf8 39. Ke3 Rh1 40.
Bd3 Bh5 41. Ra4 Rg1 42. Rxa7 Rxg2 43. Rxc7 Rg3+ 44. Kd4 Rg4+ 45. Kc3 Rg3 46. Kc2
Rg2+ 47. Kb1 Rg1+ 48. Ka2 Rg3 49. Bc2 Rg2 50. Bb3 d4 51. Rxc6 d3 52. Rd6 Rc2 53.
Rxd3 Rxc5 54. Bxe6 Rxe5 55. Rd5 1-0